Work stress and coping : forces of change and challenges /

In Work Stress and Coping the authors provid an historical account of workplace stress, taking a broad approach by integrating the macro forces impacting the micro, and highlighting what the research in the field tells us about the changing nature of work so that individuals and organizations can cr...

Full description

Bibliographic Details
Main Authors: Dewe, Philip J. (Author), Cooper, Cary L. (Author)
Corporate Author: Sage Publications
Format: eBook
Language:English
Published: London : SAGE Publications Ltd, 2017.
Subjects:
Online Access:Connect to the full text of this electronic book

MARC

Tag First Indicator Second Indicator Subfields
LEADER 00000nam a22000001i 4500
001 in00004757607
006 m|||||o||d||||||||
007 cr |||||||||||
008 190531r20172017enka fob 001 0|eng|d
005 20231120174122.0
020 |a 9781526470140 (ebook) :  |c No price 
035 |a (OCoLC)987028401 
035 |a (CaToSAGE)SAGE000006865 
040 |a CaToSAGE  |b eng  |c CaToSAGE  |e rda  |e pn  |d UtOrBLW 
050 4 |a HF5548.85  |b .D49 2017 
082 0 4 |a 158.7 
100 1 |a Dewe, Philip J.,  |e author. 
245 1 0 |a Work stress and coping :  |b forces of change and challenges /  |c Philip J. Dewe, Cary L. Cooper. 
264 1 |a London :  |b SAGE Publications Ltd,  |c 2017. 
300 |a 1 online resource (260 pages) :  |b illustrations 
336 |a text  |b txt  |2 rdacontent 
337 |a computer  |b c  |2 rdamedia 
338 |a online resource  |b cr  |2 rdacarrier 
504 |a Includes bibliographical references and index. 
520 8 |a In Work Stress and Coping the authors provid an historical account of workplace stress, taking a broad approach by integrating the macro forces impacting the micro, and highlighting what the research in the field tells us about the changing nature of work so that individuals and organizations can create more livable working environments. With an emphasis on the growing influence of globalization, the book explores the forces of change within contemporary societies and assesses how they have fundamentally changed the nature of work and the direction of research into stress and coping. Capturing the history, context, critique and transformation of theory into practice, the authors offer an insight into how managers and businesses have failed, the effects this has had on how work is experienced, the evolution and relevance of existing theories and suggest alternative methods and future directions. Suitable reading for students of HRM, Organisational Behavior and Occupational Psychology. 
588 |a Description based on XML content. 
650 0 |a Job stress. 
650 0 |a Stress management. 
655 7 |a Electronic books.  |2 local 
700 1 |a Cooper, Cary L.,  |e author. 
710 2 |a Sage Publications. 
776 0 8 |i Print version :  |z 9781473915701 
856 4 0 |u http://proxy.library.tamu.edu/login?url=https://sk.sagepub.com/books/work-stress-and-coping  |z Connect to the full text of this electronic book  |t 0 
955 |a SAGE Knowledge 
999 f f |s c3a826b0-332a-424a-94ea-1f4e1654e876  |i d9d3e1b4-3338-4a2f-b630-8771c6d89c17  |t 0 
952 f f |a Texas A&M University  |b College Station  |c Electronic Resources  |d Available Online  |t 0  |e HF5548.85 .D49 2017  |h Library of Congress classification 
998 f f |a HF5548.85 .D49 2017  |t 0  |l Available Online